[Event "Scarborough Open"]
[Site "Scarborough"]
[Date "2022.10.28"]
[Round "1.1"]
[White "Ashton, Adam G"]
[Black "Jaszkiwskyj, Peter"]
[Result "1/2-1/2"]
[WhiteElo "2357"]
[BlackElo "1874"]
[PlyCount "78"]
[EventDate "2022.10.28"]
[EventType "swiss"]
[EventRounds "5"]
[EventCountry "ENG"]
[SourceTitle "BritBase"]
[Source "John Saunders"]
[SourceDate "2023.11.11"]
[SourceVersion "1"]
[SourceVersionDate "2023.11.11"]
[SourceQuality "1"]

1. Nf3 Nf6 2. g3 c5 3. Bg2 Nc6 4. O-O d5 5. c4 d4 6. e3 e5 7. exd4 exd4 8. Re1+
Be7 9. d3 O-O 10. h3 h6 11. g4 Re8 12. Nbd2 Qc7 13. Nf1 Bd7 14. a3 a5 15. Bd2
Bd6 16. Qb3 a4 17. Rxe8+ Bxe8 18. Qc2 Na5 19. Re1 Bd7 20. Re2 Nb3 21. Be1 Bc6
22. N1d2 Nxd2 23. Bxd2 Bf4 24. Qc1 Bxd2 25. Qxd2 Re8 26. Rxe8+ Nxe8 27. Qe2 Nf6
28. Nh4 Bxg2 29. Kxg2 g6 30. Nf3 Kf8 31. Ne5 Nd7 32. Nxd7+ Qxd7 33. Qe5 Qc6+
34. Kg3 Kg8 35. h4 Qh1 36. Qe8+ Kg7 37. Qe5+ Kg8 38. Qe8+ Kg7 39. Qe5+ Kg8
1/2-1/2

[Event "Scarborough Open"]
[Site "Scarborough"]
[Date "2022.10.28"]
[Round "1.2"]
[White "Kilshaw, Joe"]
[Black "Makkar, Rajat"]
[Result "0-1"]
[WhiteElo "1873"]
[BlackElo "2399"]
[PlyCount "70"]
[EventDate "2022.10.28"]
[EventType "swiss"]
[EventRounds "5"]
[EventCountry "ENG"]
[SourceTitle "BritBase"]
[Source "John Saunders"]
[SourceDate "2023.11.11"]
[SourceVersion "1"]
[SourceVersionDate "2023.11.11"]
[SourceQuality "1"]

1. b3 e5 2. Bb2 Nc6 3. e3 d5 4. Bb5 Bd6 5. f4 Qe7 6. Nf3 Bg4 7. h3 Bxf3 8. Qxf3
Nf6 9. fxe5 Bxe5 10. d4 Bd6 11. c4 Bb4+ 12. Kd1 O-O-O 13. a3 Ba5 14. Bxc6 bxc6
15. b4 Bxb4 16. axb4 Qxb4 17. Qf5+ Rd7 18. Ba3 Qb3+ 19. Qc2 Qxe3 20. Qd2 Qb3+
21. Qc2 Qg3 22. Nd2 Re8 23. Qa4 dxc4 24. Qxa7 Rd5 25. Qa6+ Kd7 26. Qxc4 Ne4 27.
Rf1 Nxd2 28. Rxf7+ Kc8 29. Qxc6 Re1+ 30. Kc2 Qb3+ 31. Kxd2 Qe3+ 32. Kc2 Re2+
33. Kb1 Qd3+ 34. Kc1 Qd2+ 35. Kb1 Re1+ 0-1

[Event "Scarborough Open"]
[Site "Scarborough"]
[Date "2022.10.28"]
[Round "1.3"]
[White "Varley, Joe"]
[Black "Arnott, Jonathan W"]
[Result "0-1"]
[WhiteElo "1830"]
[BlackElo "2081"]
[PlyCount "60"]
[EventDate "2022.10.28"]
[EventType "swiss"]
[EventRounds "5"]
[EventCountry "ENG"]
[SourceTitle "BritBase"]
[Source "John Saunders"]
[SourceDate "2023.11.11"]
[SourceVersion "1"]
[SourceVersionDate "2023.11.11"]
[SourceQuality "1"]

1. e4 e6 2. d4 d5 3. Nd2 Nf6 4. e5 Nfd7 5. Bd3 c5 6. c3 Nc6 7. Ne2 cxd4 8. cxd4
f6 9. exf6 Nxf6 10. O-O Bd6 11. Nf3 Qc7 12. Bg5 O-O 13. Rc1 Ng4 14. Ng3 Bf4 15.
Rc3 e5 16. dxe5 Ngxe5 17. Bxf4 Rxf4 18. Nxe5 Qxe5 19. Re1 Bg4 20. Bxh7+ Kxh7
21. Qd3+ Re4 22. Nxe4 dxe4 23. Rxe4 Bf5 24. Rh4+ Kg8 25. Qd1 Rd8 26. Qf1 Rd2
27. Re3 Qd5 28. Rf4 Nd4 29. g4 Bd7 30. Ree4 Ne6 0-1

[Event "Scarborough Open"]
[Site "Scarborough"]
[Date "2022.10.28"]
[Round "1.4"]
[White "Hepworth, Peter"]
[Black "Mitchell, Martin"]
[Result "0-1"]
[WhiteElo "1861"]
[BlackElo "2197"]
[PlyCount "96"]
[EventDate "2022.10.28"]
[EventType "swiss"]
[EventRounds "5"]
[EventCountry "ENG"]
[SourceTitle "BritBase"]
[Source "John Saunders"]
[SourceDate "2023.11.11"]
[SourceVersion "1"]
[SourceVersionDate "2023.11.11"]
[SourceQuality "1"]

1. d4 Nf6 2. Nf3 e6 3. e3 c5 4. Bd3 b6 5. b3 cxd4 6. exd4 Bb4+ 7. c3 Be7 8. O-O
O-O 9. Re1 Bb7 10. Bb2 d6 11. Nbd2 Nbd7 12. Rc1 Rc8 13. c4 d5 14. Ne5 dxc4 15.
Nxd7 Qxd7 16. bxc4 Rfd8 17. a3 Bc6 18. Re3 b5 19. Nf3 bxc4 20. Bxc4 Bd5 21. Bd3
Rxc1 22. Qxc1 Rc8 23. Qd2 Qb7 24. h3 Bd6 25. Qe2 Rb8 26. Bc1 Bf4 27. Rxe6 Bxc1
28. Re7 Qb6 29. Bc4 Bxa3 30. Bxd5 Bxe7 31. Bc4 Qb1+ 32. Kh2 Qe4 33. Bxf7+ Kf8
34. Qxe4 Nxe4 35. Ne5 Bd6 36. Bc4 Bxe5+ 37. dxe5 Nxf2 38. g4 Rb4 39. Ba2 Nd3
40. Kg3 Nxe5 41. Bd5 a5 42. Kh4 a4 43. Kh5 a3 44. h4 Ng6 45. Be6 Nf4+ 46. Kg5
Nxe6+ 47. Kh5 Kg8 48. g5 g6+ 0-1

[Event "Scarborough Open"]
[Site "Scarborough"]
[Date "2022.10.28"]
[Round "1.5"]
[White "Townsend, M Paul"]
[Black "Szekely, Balazs-Virgil"]
[Result "1-0"]
[WhiteElo "2145"]
[BlackElo "1844"]
[PlyCount "65"]
[EventDate "2022.10.28"]
[EventType "swiss"]
[EventRounds "5"]
[EventCountry "ENG"]
[SourceTitle "BritBase"]
[Source "John Saunders"]
[SourceDate "2023.11.11"]
[SourceVersion "1"]
[SourceVersionDate "2023.11.11"]
[SourceQuality "1"]

1. Nf3 d5 2. c4 e6 3. g3 Nf6 4. Bg2 c5 5. O-O Nc6 6. d4 dxc4 7. Qa4 Bd7 8. Qxc4
b5 9. Qd3 c4 10. Qd1 Rc8 11. b3 cxb3 12. axb3 Be7 13. Nc3 Nb4 14. Bb2 a6 15.
Ne5 O-O 16. Qd2 Be8 17. Rfc1 Qb6 18. Ne4 Nxe4 19. Bxe4 Rxc1+ 20. Rxc1 f6 21.
Nd3 Nxd3 22. Qxd3 f5 23. Bf3 Bd7 24. d5 Rd8 25. Bd4 Qb8 26. Qe3 Rc8 27. Ra1 Qd6
28. Be5 Qb4 29. Qa7 Rd8 30. Rd1 Qxb3 31. e3 Kf8 32. d6 Bf6 33. Bxf6 1-0

[Event "Scarborough Open"]
[Site "Scarborough"]
[Date "2022.10.28"]
[Round "1.6"]
[White "Wall, Timothy P"]
[Black "Mellor, Stephen D"]
[Result "1-0"]
[WhiteElo "2290"]
[BlackElo "1865"]
[PlyCount "81"]
[EventDate "2022.10.28"]
[EventType "swiss"]
[EventRounds "5"]
[EventCountry "ENG"]
[SourceTitle "BritBase"]
[Source "John Saunders"]
[SourceDate "2023.11.11"]
[SourceVersion "1"]
[SourceVersionDate "2023.11.11"]
[SourceQuality "1"]

1. d4 Nf6 2. Bf4 d5 3. Nc3 Bf5 4. e3 e6 5. f3 Be7 6. g4 Bg6 7. h4 h5 8. g5 Nfd7
9. Bd3 Nf8 10. Nge2 c6 11. Bg3 a5 12. Nf4 Bd6 13. Nce2 Bf5 14. Bxf5 exf5 15.
Qd3 g6 16. O-O-O Qe7 17. Kb1 Na6 18. Rhe1 O-O-O 19. a3 Ne6 20. c4 dxc4 21. Qxc4
Nec7 22. Nc3 Bxf4 23. Bxf4 Qe6 24. Qa4 b6 25. Be5 Rhe8 26. Ne2 Nd5 27. e4 Ne3
28. Nf4 Qc4 29. Qxc4 Nxc4 30. Bf6 Rd7 31. Nd3 Nc7 32. a4 Ne6 33. b3 Nd6 34. Ne5
Rc7 35. Nc4 Nxc4 36. bxc4 f4 37. Kc2 Rd7 38. Kc3 Kc7 39. Rb1 c5 40. d5 Nd8 41.
e5 1-0

[Event "Scarborough Open"]
[Site "Scarborough"]
[Date "2022.10.28"]
[Round "1.7"]
[White "Jaunooby, Ali Reza"]
[Black "Ridge, Michael"]
[Result "1-0"]
[WhiteElo "2139"]
[BlackElo "1834"]
[PlyCount "61"]
[EventDate "2022.10.28"]
[EventType "swiss"]
[EventRounds "5"]
[EventCountry "ENG"]
[SourceTitle "BritBase"]
[Source "John Saunders"]
[SourceDate "2023.11.11"]
[SourceVersion "1"]
[SourceVersionDate "2023.11.11"]
[SourceQuality "1"]

1. d4 Nf6 2. c4 Nc6 3. Nf3 e6 4. a3 g6 5. Nc3 d6 6. e4 Bg7 7. Be3 O-O 8. Be2
Re8 9. Qc2 h6 10. h3 a5 11. O-O e5 12. d5 Nb8 13. Nh2 Na6 14. Rab1 c6 15. b4
axb4 16. axb4 cxd5 17. cxd5 Bd7 18. Rfc1 Rc8 19. Qd2 Kh7 20. Bd3 Qe7 21. g4 Qf8
22. Qe2 Ra8 23. Nf1 Kg8 24. Ng3 Nxe4 25. Ngxe4 f5 26. Nd2 e4 27. Bb5 Bxb5 28.
Nxb5 f4 29. Bd4 Bxd4 30. Nxd4 e3 31. N2f3 1-0

[Event "Scarborough Open"]
[Site "Scarborough"]
[Date "2022.10.28"]
[Round "1.8"]
[White "Verma, Shlok"]
[Black "Cooper, John G"]
[Result "1/2-1/2"]
[WhiteElo "2028"]
[BlackElo "2155"]
[PlyCount "62"]
[EventDate "2022.10.28"]
[EventType "swiss"]
[EventRounds "5"]
[EventCountry "ENG"]
[SourceTitle "BritBase"]
[Source "John Saunders"]
[SourceDate "2023.11.11"]
[SourceVersion "1"]
[SourceVersionDate "2023.11.11"]
[SourceQuality "1"]

1. d4 d5 2. c4 e6 3. Nf3 c5 4. cxd5 exd5 5. e3 Nc6 6. dxc5 Bxc5 7. a3 Nf6 8. b4
Bd6 9. Bb2 O-O 10. Be2 Re8 11. Nbd2 Bg4 12. O-O Rc8 13. Rc1 Bb8 14. Qb3 Ne4 15.
Rfd1 Qe7 16. Nf1 Rcd8 17. Qc2 Bf5 18. Qb3 Bg4 19. Qc2 Rd6 20. Nd4 Nxd4 21. Bxd4
Bf5 22. Bd3 Rc6 23. Qe2 Rh6 24. f3 Qh4 25. Bxe4 Bxh2+ 26. Nxh2 Qxh2+ 27. Kf2
Qh4+ 28. Kg1 dxe4 29. Qb5 Qh2+ 30. Kf2 Qh4+ 31. Kg1 Qh1+ 1/2-1/2

[Event "Scarborough Open"]
[Site "Scarborough"]
[Date "2022.10.29"]
[Round "2.2"]
[White "Skettos, Nicolas"]
[Black "Wall, Timothy P"]
[Result "0-1"]
[WhiteElo "1927"]
[BlackElo "2290"]
[PlyCount "100"]
[EventDate "2022.10.28"]
[EventType "swiss"]
[EventRounds "5"]
[EventCountry "ENG"]
[SourceTitle "BritBase"]
[Source "John Saunders"]
[SourceDate "2023.11.11"]
[SourceVersion "1"]
[SourceVersionDate "2023.11.11"]
[SourceQuality "1"]

1. e4 c6 2. d4 d5 3. Nd2 dxe4 4. Nxe4 Bf5 5. Ng3 Bg6 6. h4 h6 7. Nf3 Nd7 8. h5
Bh7 9. Bd3 Bxd3 10. Qxd3 e6 11. Bd2 Ngf6 12. O-O-O Be7 13. Kb1 O-O 14. Ne4 c5
15. Be3 Qc7 16. Nxc5 Nxc5 17. dxc5 Bxc5 18. Bxc5 Qxc5 19. Qd4 Rac8 20. c3 Qxd4
21. Rxd4 Rfd8 22. Rhd1 Rxd4 23. Rxd4 Rc5 24. g4 Kf8 25. Kc2 Ke7 26. b4 Rc7 27.
c4 Nd7 28. Kd3 e5 29. Re4 Kf6 30. a4 a5 31. Kc3 axb4+ 32. Kxb4 Nc5 33. Re3 e4
34. Nd2 Ke5 35. Nxe4 Nxe4 36. f3 Kf4 37. Rxe4+ Kxf3 38. Rd4 g6 39. Rd6 Kxg4 40.
hxg6 f5 41. g7 Rxg7 42. Rxh6 f4 43. Rf6 f3 44. Kb5 Kg3 45. a5 f2 46. a6 Rg5+
47. Kb4 bxa6 48. c5 Rg4+ 49. Ka5 Rf4 50. Rg6+ Kf3 0-1

[Event "Scarborough Open"]
[Site "Scarborough"]
[Date "2022.10.29"]
[Round "2.3"]
[White "Mitchell, Martin"]
[Black "Thomson, Neil"]
[Result "1-0"]
[WhiteElo "2197"]
[BlackElo "1970"]
[PlyCount "81"]
[EventDate "2022.10.28"]
[EventType "swiss"]
[EventRounds "5"]
[EventCountry "ENG"]
[SourceTitle "BritBase"]
[Source "John Saunders"]
[SourceDate "2023.11.11"]
[SourceVersion "1"]
[SourceVersionDate "2023.11.11"]
[SourceQuality "1"]

1. d4 Nf6 2. c4 g6 3. Nc3 Bg7 4. e4 d6 5. Be2 O-O 6. Be3 e5 7. d5 Na6 8. g4 Nc5
9. Bf3 Ne8 10. b4 Na6 11. Rb1 Qh4 12. h3 f5 13. Qc1 h6 14. gxf5 gxf5 15. Nge2
Nf6 16. Qc2 Nh7 17. exf5 Qxc4 18. Rg1 Bxf5 19. Be4 Bxe4 20. Qxe4 Qxe4 21. Nxe4
Kh8 22. b5 Nb8 23. Rc1 Rf7 24. N2g3 Bf8 25. Nh5 a6 26. b6 c5 27. Rg6 Ng5 28.
Bxg5 hxg5 29. Nxg5 Rf5 30. Nf6 Rxf6 31. Rxf6 Nd7 32. Rf7 Nxb6 33. Rd1 Rb8 34.
Ke2 Na4 35. Rg1 Nc3+ 36. Kf3 Nxd5 37. Ne6 Bh6 38. Rg6 Bd2 39. Nf8 Rxf8 40.
Rxf8+ Kh7 41. Rxd6 1-0

[Event "Scarborough Open"]
[Site "Scarborough"]
[Date "2022.10.29"]
[Round "2.4"]
[White "De Coverly, Roger D"]
[Black "Townsend, M Paul"]
[Result "0-1"]
[WhiteElo "1936"]
[BlackElo "2145"]
[PlyCount "78"]
[EventDate "2022.10.28"]
[EventType "swiss"]
[EventRounds "5"]
[EventCountry "ENG"]
[SourceTitle "BritBase"]
[Source "John Saunders"]
[SourceDate "2023.11.11"]
[SourceVersion "1"]
[SourceVersionDate "2023.11.11"]
[SourceQuality "1"]

1. e4 e6 2. d3 d5 3. Nd2 c5 4. Ngf3 Nc6 5. g3 Nf6 6. Bg2 Be7 7. O-O O-O 8. e5
Nd7 9. Re1 Qc7 10. Qe2 b5 11. h4 Bb7 12. Nf1 a5 13. Bf4 Rfc8 14. N1h2 b4 15. h5
h6 16. Ng4 Bf8 17. Qd2 Qd8 18. c3 a4 19. cxb4 Nxb4 20. d4 c4 21. Bf1 a3 22. Re3
axb2 23. Qxb2 Ba6 24. a3 Nd3 25. Bxd3 cxd3 26. Ne1 Nb6 27. Nxd3 Nc4 28. Qe2
Nxe3 29. Qxe3 Rc3 30. Rd1 Bc4 31. a4 Rxa4 32. Bxh6 Raa3 33. Bg5 Be7 34. Bf6
gxf6 35. Qh6 Qf8 36. Qf4 Rxd3 37. Rxd3 Bxd3 38. exf6 Bd6 39. Qg5+ Kh7 0-1

[Event "Scarborough Open"]
[Site "Scarborough"]
[Date "2022.10.29"]
[Round "2.5"]
[White "Chisholm, Michael"]
[Black "Jaunooby, Ali Reza"]
[Result "1/2-1/2"]
[WhiteElo "1893"]
[BlackElo "2139"]
[PlyCount "104"]
[EventDate "2022.10.28"]
[EventType "swiss"]
[EventRounds "5"]
[EventCountry "ENG"]
[SourceTitle "BritBase"]
[Source "John Saunders"]
[SourceDate "2023.11.11"]
[SourceVersion "1"]
[SourceVersionDate "2023.11.11"]
[SourceQuality "1"]

1. d4 Nf6 2. c4 e6 3. Nf3 b6 4. a3 Bb7 5. Nc3 Be7 6. g3 Ne4 7. Qc2 Ng5 8. Bxg5
Bxg5 9. Bg2 f5 10. O-O Be7 11. d5 Bf6 12. dxe6 dxe6 13. e4 Bxc3 14. Qxc3 O-O
15. exf5 exf5 16. Rad1 Qf6 17. Qxf6 Rxf6 18. Rd8+ Rf8 19. Rxf8+ Kxf8 20. Ne5
Bxg2 21. Kxg2 Na6 22. Rd1 Re8 23. f4 Nc5 24. Kf3 Ne6 25. Rd7 Re7 26. Rd5 c5 27.
Kf2 Rc7 28. h4 Ke7 29. Nf3 g6 30. Ng5 Nxg5 31. hxg5 Rc6 32. Rd1 a6 33. Rh1 b5
34. Rxh7+ Kf8 35. cxb5 axb5 36. Rb7 c4 37. Rxb5 c3 38. bxc3 Rxc3 39. Ra5 Kf7
40. Ra7+ Kg8 41. a4 Ra3 42. a5 Kh8 43. a6 Kg8 44. Ra8+ Kg7 45. a7 Kh7 46. Ke2
Kg7 47. Kd2 Kh7 48. Kc2 Kg7 49. Kb2 Ra6 50. Kc3 Ra1 51. Kd4 Rd1+ 52. Ke3 Ra1
1/2-1/2

[Event "Scarborough Open"]
[Site "Scarborough"]
[Date "2022.10.29"]
[Round "2.6"]
[White "Fava, Lorenzo"]
[Black "Burrows, Martin P"]
[Result "1-0"]
[WhiteElo "1828"]
[BlackElo "2092"]
[PlyCount "37"]
[EventDate "2022.10.28"]
[EventType "swiss"]
[EventRounds "5"]
[EventCountry "ENG"]
[SourceTitle "BritBase"]
[Source "John Saunders"]
[SourceDate "2023.11.11"]
[SourceVersion "1"]
[SourceVersionDate "2023.11.11"]
[SourceQuality "1"]

1. d4 Nf6 2. Bf4 e6 3. e3 c5 4. Nf3 Be7 5. Bd3 cxd4 6. exd4 O-O 7. h4 b6 8. Bg5
g6 9. Bh6 Re8 10. h5 Bb7 11. hxg6 fxg6 12. Ne5 Bf8 13. Bg5 Bg7 14. Rxh7 Kxh7
15. Bxg6+ Kg8 16. Bxf6 Bxf6 17. Qh5 Re7 18. Bf7+ Kf8 19. Qh7 1-0

[Event "Scarborough Open"]
[Site "Scarborough"]
[Date "2022.10.29"]
[Round "3.1"]
[White "Townsend, M Paul"]
[Black "Makkar, Rajat"]
[Result "1/2-1/2"]
[WhiteElo "2145"]
[BlackElo "2399"]
[PlyCount "36"]
[EventDate "2022.10.28"]
[EventType "swiss"]
[EventRounds "5"]
[EventCountry "ENG"]
[SourceTitle "BritBase"]
[Source "John Saunders"]
[SourceDate "2023.11.11"]
[SourceVersion "1"]
[SourceVersionDate "2023.11.11"]
[SourceQuality "1"]

1. Nf3 d5 2. c4 e6 3. g3 Nf6 4. Bg2 dxc4 5. Qa4+ Nbd7 6. Qxc4 a6 7. Qc2 c5 8.
d4 Qb6 9. dxc5 Bxc5 10. O-O O-O 11. Nc3 Qc7 12. Bg5 b5 13. Rac1 Bb7 14. Qb1 Qa5
15. Bxf6 Nxf6 16. Ne5 Bxg2 17. Kxg2 Rfc8 18. Ne4 Bf8 1/2-1/2

[Event "Scarborough Open"]
[Site "Scarborough"]
[Date "2022.10.29"]
[Round "3.2"]
[White "Wall, Timothy P"]
[Black "Fava, Lorenzo"]
[Result "0-1"]
[WhiteElo "2290"]
[BlackElo "1828"]
[PlyCount "110"]
[EventDate "2022.10.28"]
[EventType "swiss"]
[EventRounds "5"]
[EventCountry "ENG"]
[SourceTitle "BritBase"]
[Source "John Saunders"]
[SourceDate "2023.11.11"]
[SourceVersion "1"]
[SourceVersionDate "2023.11.11"]
[SourceQuality "1"]

1. d4 c6 2. e4 d5 3. f3 g6 4. Nc3 Bg7 5. Be3 Nf6 6. e5 Ng8 7. f4 h5 8. Qd2 Nh6
9. Nf3 Bg4 10. Ng5 Nd7 11. h3 Bf5 12. Be2 Nf8 13. O-O-O Ne6 14. Kb1 Qd7 15. Qe1
O-O-O 16. Na4 b6 17. Qb4 Nxg5 18. fxg5 Ng8 19. Ba6+ Kb8 20. Nxb6 axb6 21. Qxb6+
Ka8 22. e6 fxe6 23. Bf4 e5 24. dxe5 Rb8 25. Qc5 e6 26. Rd4 Bf8 27. Qa5 Qd8 28.
Qc3 Rb6 29. Ra4 Kb8 30. Be3 c5 31. Bxc5 Bxc5 32. Qxc5 Rh7 33. Rb4 Rxb4 34.
Qxb4+ Ka7 35. Qa3 Qb6 36. Bd3+ Kb7 37. Qf8 Ne7 38. a3 Bxd3 39. cxd3 Nf5 40. Qe8
Ka7 41. Rc1 Rb7 42. Qa4+ Qa6 43. Qxa6+ Kxa6 44. Rc8 Kb6 45. Rf8 Kc5 46. Rf6 Kd4
47. Rxe6 Kxd3 48. Rxg6 Ke4 49. e6 d4 50. Rf6 Re7 51. Kc1 d3 52. g4 Rc7+ 53. Kd1
Ne3+ 54. Ke1 Rc1+ 55. Kf2 h4 0-1

[Event "Scarborough Open"]
[Site "Scarborough"]
[Date "2022.10.29"]
[Round "3.3"]
[White "Grose, Kameron"]
[Black "Mitchell, Martin"]
[Result "1/2-1/2"]
[WhiteElo "1573"]
[BlackElo "2197"]
[PlyCount "94"]
[EventDate "2022.10.28"]
[EventType "swiss"]
[EventRounds "5"]
[EventCountry "ENG"]
[SourceTitle "BritBase"]
[Source "John Saunders"]
[SourceDate "2023.11.11"]
[SourceVersion "1"]
[SourceVersionDate "2023.11.11"]
[SourceQuality "1"]

1. e4 d6 2. d4 Nf6 3. Nc3 g6 4. Be3 c6 5. f3 Nbd7 6. Qd2 b5 7. d5 cxd5 8. Nxd5
Bg7 9. c3 a6 10. Ne2 Nxd5 11. Qxd5 Rb8 12. Rd1 Bb7 13. Qd2 Qc7 14. Nf4 Nb6 15.
Nd5 Bxd5 16. exd5 O-O 17. Bd4 Bxd4 18. Qxd4 Na4 19. Rd2 Qc5 20. Qxc5 dxc5 21.
g3 Rfd8 22. Bg2 Rd6 23. f4 Rbd8 24. Re2 Kf8 25. Kf2 Nb6 26. Rhe1 R8d7 27. Bh3
Rc7 28. Rd1 Rxd5 29. Rxd5 Nxd5 30. Rd2 e6 31. f5 gxf5 32. Bxf5 Nxc3 33. bxc3
exf5 34. Rd5 b4 35. Rxf5 c4 36. Ke2 bxc3 37. Rf3 Ke7 38. Rxc3 Kd6 39. Ke3 Kd5
40. Kd2 Ke4 41. Re3+ Kd4 42. Ra3 Rc6 43. Rf3 f6 44. Rf4+ Kd5 45. Kc3 Re6 46.
Rd4+ Kc5 47. Rxc4+ Kb6 1/2-1/2

[Event "Scarborough Open"]
[Site "Scarborough"]
[Date "2022.10.29"]
[Round "3.4"]
[White "Ashton, Adam G"]
[Black "Harandi, Kamran"]
[Result "1-0"]
[WhiteElo "2357"]
[BlackElo "1204"]
[PlyCount "43"]
[EventDate "2022.10.28"]
[EventType "swiss"]
[EventRounds "5"]
[EventCountry "ENG"]
[SourceTitle "BritBase"]
[Source "John Saunders"]
[SourceDate "2023.11.11"]
[SourceVersion "1"]
[SourceVersionDate "2023.11.11"]
[SourceQuality "1"]

1. e4 e6 2. d4 d5 3. e5 c5 4. c3 Nc6 5. Nf3 Qb6 6. Bd3 Bd7 7. O-O cxd4 8. Re1
dxc3 9. Nxc3 Bb4 10. a3 Bxc3 11. bxc3 Nge7 12. a4 O-O 13. Rb1 Qc7 14. Bxh7+
Kxh7 15. Ng5+ Kg6 16. Qg4 Nxe5 17. Rxe5 f5 18. Qg3 f4 19. Bxf4 Qc4 20. Nxe6+
Kf7 21. Qxg7+ Ke8 22. Qxf8# 1-0

[Event "Scarborough Open"]
[Site "Scarborough"]
[Date "2022.10.29"]
[Round "3.5"]
[White "Arnott, Jonathan W"]
[Black "Nicholson, James W R"]
[Result "1/2-1/2"]
[WhiteElo "2081"]
[BlackElo "1965"]
[PlyCount "79"]
[EventDate "2022.10.28"]
[EventType "swiss"]
[EventRounds "5"]
[EventCountry "ENG"]
[SourceTitle "BritBase"]
[Source "John Saunders"]
[SourceDate "2023.11.11"]
[SourceVersion "1"]
[SourceVersionDate "2023.11.11"]
[SourceQuality "1"]

1. e4 c6 2. d4 d5 3. e5 c5 4. Nf3 Nc6 5. c4 cxd4 6. Nxd4 e6 7. Nc3 a6 8. Nxc6
bxc6 9. Bd3 Bc5 10. Qg4 g6 11. O-O Bd7 12. h4 h5 13. Qg3 Be7 14. Bg5 Bxg5 15.
hxg5 Ne7 16. Qf4 Nf5 17. Rfe1 Kf8 18. Bxf5 gxf5 19. cxd5 cxd5 20. Re3 Kg7 21.
Ne2 Rc8 22. b3 Kg6 23. Qh4 Kg7 24. Nf4 Kf8 25. Nxh5 Rc2 26. a4 Bc6 27. Rh3 Qe7
28. Qg3 d4 29. Rf1 Rc3 30. f3 d3 31. b4 d2 32. Qf4 Qd8 33. b5 Be4 34. Rd1 Qd4+
35. Kh2 Re3 36. fxe4 Rxh3+ 37. gxh3 Rxh5 38. Qxd2 Qxe5+ 39. Kg1 Qg3+ 40. Qg2
1/2-1/2

[Event "Scarborough Open"]
[Site "Scarborough"]
[Date "2022.10.29"]
[Round "3.6"]
[White "Longson, Sarah N"]
[Black "Cooper, John G"]
[Result "1-0"]
[WhiteElo "2008"]
[BlackElo "2155"]
[PlyCount "89"]
[EventDate "2022.10.28"]
[EventType "swiss"]
[EventRounds "5"]
[EventCountry "ENG"]
[SourceTitle "BritBase"]
[Source "John Saunders"]
[SourceDate "2023.11.11"]
[SourceVersion "1"]
[SourceVersionDate "2023.11.11"]
[SourceQuality "1"]

1. e4 c5 2. Nc3 Nc6 3. f4 e6 4. Nf3 d5 5. Bb5 d4 6. Bxc6+ bxc6 7. Nb1 d3 8. c4
Rb8 9. Ne5 Ne7 10. Qf3 Ba6 11. Na3 Qd4 12. Qxd3 f6 13. Qxd4 cxd4 14. Nd3 Ng6
15. b3 Bd6 16. O-O O-O 17. Nc2 e5 18. f5 Nf4 19. Nxf4 exf4 20. d3 c5 21. Bxf4
Bxf4 22. Rxf4 Bc8 23. Rb1 Bd7 24. Rff1 Rb7 25. Ne1 a5 26. Nf3 Rfb8 27. g4 a4
28. Nd2 axb3 29. axb3 Ra7 30. Rb2 Ra3 31. Rfb1 Kf7 32. Nf3 Bc6 33. Kf2 Rba8 34.
Ke2 Ra2 35. b4 cxb4 36. Nxd4 Bd7 37. Ke3 R8a3 38. Rxa2 Rxa2 39. Rxb4 Rxh2 40.
Nf3 Rh3 41. d4 h5 42. gxh5 Rxh5 43. Rb7 Ke8 44. d5 Kd8 45. c5 1-0

[Event "Scarborough Open"]
[Site "Scarborough"]
[Date "2022.10.30"]
[Round "4.1"]
[White "Fava, Lorenzo"]
[Black "Ashton, Adam G"]
[Result "1/2-1/2"]
[WhiteElo "1828"]
[BlackElo "2357"]
[PlyCount "125"]
[EventDate "2022.10.28"]
[EventType "swiss"]
[EventRounds "5"]
[EventCountry "ENG"]
[SourceTitle "BritBase"]
[Source "John Saunders"]
[SourceDate "2023.11.11"]
[SourceVersion "1"]
[SourceVersionDate "2023.11.11"]
[SourceQuality "1"]

1. Nf3 d5 2. b3 Nf6 3. Bb2 g6 4. e3 Bg7 5. c4 c6 6. Be2 O-O 7. O-O Nbd7 8. d3
b6 9. Nbd2 Bb7 10. Qc2 Qb8 11. Rac1 c5 12. Rfe1 e5 13. e4 d4 14. g3 Ne8 15. Bf1
Nd6 16. Bg2 Qc7 17. Re2 Rae8 18. Ng5 Bh6 19. Nh3 f5 20. Rce1 f4 21. Bc1 g5 22.
g4 Nf6 23. f3 Bc8 24. Nf2 Bg7 25. h3 h5 26. Kh2 Kf7 27. Rh1 Rh8 28. Kg1 Be6 29.
Kf1 Rh7 30. Ke1 Reh8 31. Kd1 Qd7 32. Ree1 Nc8 33. Reg1 Ne7 34. Bf1 Ng6 35. Be2
Nh4 36. Ba3 Bf8 37. Kc1 Be7 38. Qd1 a5 39. Qc2 Ra8 40. Qb1 Rhh8 41. Bd1 Qd6 42.
Bc2 Bd7 43. Kd1 Rh7 44. Bc1 Rah8 45. a4 Ke8 46. Ke1 hxg4 47. fxg4 Be6 48. Bd1
Qd7 49. Nf3 Nxf3+ 50. Bxf3 Qc8 51. Qc2 Nd7 52. Ba3 Nf8 53. Kd1 Ng6 54. Qe2 Nh4
55. Bc1 Kd7 56. Kc2 Rh6 57. Bd2 R8h7 58. Rh2 Qh8 59. Rgh1 Ng6 60. Qe1 Nh4 61.
Qe2 Ng6 62. Qe1 Nh4 63. Qe2 1/2-1/2

[Event "Scarborough Open"]
[Site "Scarborough"]
[Date "2022.10.30"]
[Round "4.2"]
[White "Makkar, Rajat"]
[Black "Craft, Isaac"]
[Result "1-0"]
[WhiteElo "2399"]
[BlackElo "2029"]
[PlyCount "83"]
[EventDate "2022.10.28"]
[EventType "swiss"]
[EventRounds "5"]
[EventCountry "ENG"]
[SourceTitle "BritBase"]
[Source "John Saunders"]
[SourceDate "2023.11.11"]
[SourceVersion "1"]
[SourceVersionDate "2023.11.11"]
[SourceQuality "1"]

1. d4 Nf6 2. Nc3 d5 3. Bf4 a6 4. e3 e6 5. g4 c5 6. g5 cxd4 7. exd4 Ne4 8. Nxe4
dxe4 9. Bg2 Qb6 10. Ne2 Nc6 11. O-O h6 12. gxh6 Qxb2 13. Rb1 Qa3 14. d5 exd5
15. Qxd5 gxh6 16. Nd4 Nxd4 17. Qxd4 Rg8 18. Qxe4+ Be7 19. Rb3 Qxa2 20. Re1 Be6
21. Qxb7 Rd8 22. Qc6+ Bd7 23. Rxe7+ Kxe7 24. Bd6+ Kf6 25. Be5+ Kxe5 26. Qd5+
Kf6 27. Rf3+ Bf5 28. Rxf5+ Kg6 29. Rg5+ hxg5 30. Qxa2 Rd1+ 31. Bf1 Re8 32. Kg2
Ree1 33. Qxa6+ Kg7 34. Bd3 Rg1+ 35. Kf3 Rde1 36. Qa7 Re6 37. Qd4+ Rf6+ 38. Ke2
Rg2 39. h3 Rh2 40. Bf5 Rh1 41. c4 Rc1 42. Be4 1-0